Guilty: The Collapse of Criminal Justice / (Record no. 617198)

000 -LEADER
fixed length control field 00404nam a22001457a 4500
020 ## - INTERNATIONAL STANDARD BOOK NUMBER
Qualifying information PB.
040 ## - CATALOGING SOURCE
Transcribing agency FIZZA ISHAQ
082 ## - DEWEY DECIMAL CLASSIFICATION NUMBER
Classification number 347.305
Author Mark ROT
100 ## - MAIN ENTRY--PERSONAL NAME
Personal name Rothwax , Harold J.
9 (RLIN) 134225
245 ## - TITLE STATEMENT
Title Guilty: The Collapse of Criminal Justice /
Statement of responsibility, etc. Harold J. Rothwax.
250 ## - EDITION STATEMENT
Edition statement 1st ED.
260 ## - PUBLICATION, DISTRIBUTION, ETC.
Place of publication, distribution, etc. New York:
Name of publisher, distributor, etc. Random House,
Date of publication, distribution, etc. 1996.
300 ## - PHYSICAL DESCRIPTION
Extent 238 P. ;
Dimensions 6.5 x 1.25 x 10 inches
942 ## - ADDED ENTRY ELEMENTS (KOHA)
Source of classification or shelving scheme
Koha item type Book
Holdings
Withdrawn status Lost status Source of classification or shelving scheme Damaged status Not for loan Permanent Location Current Location Shelving location Date acquired Total Checkouts Full call number Barcode Date last seen Price effective from Koha item type
          NUST Baluchistan Campus (NBC) NUST Baluchistan Campus (NBC) General Stacks 04/21/2026   347.305 ROT QD-564 04/21/2026 04/21/2026 Book
© 2023 Central Library, National University of Sciences and Technology. All Rights Reserved.